000 00615cam a2200193 i 4500
005 20251210113912.0
008 250721s2002 jo gr 000 0 ara d
082 1 4 _a216.25
_bد ل ي
100 1 _aشحادة، صبحي
_eجامع
_dمؤلف.
245 1 0 _aدليل الحاج و المعتمر و أدعية الطواف /
250 _aالطبغع الاولى.
264 3 1 _aعمان :
_bدار البيت العتيق،
_c2002.
300 _a128صفحه.
650 1 7 _aالفقه الإسلامي.
650 1 7 _aالحج.
650 1 7 _aالعمرة.
942 _2ddc
_cBK
999 _c28495
_d28495